Ciencias sociales 7 /
Guardado en:
| Autor Principal: | |
|---|---|
| Otros Autores: | , , , , |
| Formato: | Libro |
| Publicado: |
Buenos Aires :
Tinta Fresca
|
| Materias: | |
| Etiquetas: |
Agregar Etiqueta
Sin Etiquetas, Sea el primero en etiquetar este registro!
|
| LEADER | 01567nam a22003615a 4500 | ||
|---|---|---|---|
| 001 | CEM.cems011811 | ||
| 005 | 20080204085330.0 | ||
| 008 | 130507b######################000#0#####d | ||
| 003 | CEMS | ||
| 020 | |a 9875760374 | ||
| 082 | 0 | 4 | |a Z302 |
| 100 | 1 | |a García Mac Gaw, Carlos | |
| 245 | 1 | 0 | |a Ciencias sociales 7 / |c Carlos García Mac Gaw ... [et Al.] |
| 260 | |a Buenos Aires : |b Tinta Fresca | ||
| 300 | |a 256 p. | ||
| 500 | |a Para 7°año Egb | ||
| 505 | 0 | |a La tierra nuestra casa -- La organización política de los espacios -- El trabajo y las actividades económicas -- Sector terciario y energético -- Poblalción y calidad de vida -- Los primeros humanos, las primeras sociedades -- Egipto y antiguos Estados de Mesopotamia -- Algunas sociedades del Mediterráneo occidental -- Expansión y transformación del feudalismo | |
| 653 | |a Ciencias sociales | ||
| 653 | |a Ciencias sociales-7º egb | ||
| 653 | |a Formación ética y ciudadana-7º egb | ||
| 653 | |a Estado-funciones | ||
| 653 | |a Derechos humanos | ||
| 653 | |a Geografía | ||
| 653 | |a Historia antigua | ||
| 700 | 1 | |a Jiménez, Sandra | |
| 700 | 1 | |a Lacreu, Anabella | |
| 700 | 1 | |a Rodríguez, Sergio | |
| 700 | 1 | |a Zaritzky, Graciela | |
| 700 | 1 | |a Zingarelli, Andrea | |
| 859 | |a CEMS |b BIB. CEMS - 11 de abril |h Z302 |i C394 |p 22866.05 |t Ej.1 |v 7º |3 7º | ||
| 859 | |a CEMS |b BIB. CEMS - 11 de abril |h Z302 |i C394 |p 23028.05 |t Ej.2 |v 7º |3 7º | ||
| 859 | |a CEMS |b BIB. CEMS - 11 de abril |h Z302 |i C394 |p 23029.05 |t Ej.3 |v 7º |3 7º | ||
| 859 | |a CEMS |b BIB. CEMS - 11 de abril |h Z302 |i C394 |p 23187.05 |t Ej.4 |v 7º |3 7º | ||
